[Event "NRW Class1 1819"]
[Site "Germany"]
[Date "2019.05.12"]
[Round "9.7"]
[White "Voge, Andreas"]
[Black "Dueber, Olaf"]
[Result "1/2-1/2"]
[WhiteElo "2065"]
[BlackElo "2007"]
[PlyCount "110"]
[EventDate "2018.09.16"]
[EventType "team-tourn"]
[EventRounds "9"]
[EventCountry "GER"]
[SourceTitle "EXT 2023"]
[Source "ChessBase"]
[SourceDate "2022.10.05"]
[SourceVersion "1"]
[SourceVersionDate "2022.10.05"]
[SourceQuality "1"]
[WhiteTeam "Oberhausen SV"]
[BlackTeam "Weidenau/Geisweid"]
[WhiteTeamCountry "GER"]
[BlackTeamCountry "GER"]

1. e4 e5 2. Nf3 Nc6 3. d4 exd4 4. Bc4 Nf6 5. e5 d5 6. Bb5 Ne4 7. Nxd4 Bd7 8. Nxc6 bxc6 9. Bd3 Qh4 10. 0-0 Bc5 11. Bxe4 dxe4 12. Qe2 0-0 13. Nc3 Rfe8 14. g3 Qg4 15. Qxe4 Qxe4 16. Nxe4 Bd4 17. Rd1 c5 18. Nxc5 Bxc5 19. Rxd7 Rxe5 20. Be3 Bxe3 21. fxe3 Rc5 22. Rad1 Kf8 23. Rf1 f6 24. c3 a5 25. Rfd1 a4 26. R1d3 Rb8 27. Rd8+ Rxd8 28. Rxd8+ Ke7 29. Ra8 Rc4 30. Ra6 h5 31. Kf2 h4 32. Kf3 f5 33. Ke2 hxg3 34. hxg3 Rg4 35. Kd3 g5 36. Rc6 Rxg3 37. Kd4 Rg4+ 38. Ke5 Re4+ 39. Kxf5 Rxe3 40. Rxc7+ Kd6 41. Ra7 Re5+ 42. Kg4 Rb5 43. Rxa4 Rxb2 44. Kxg5 Kc5 45. Ra8 Rc2 46. a4 Ra2 47. Kf4 Re2 48. Rc8+ Kb6 49. Rc4 Ka5 50. Re4 Rc2 51. Re3 Kxa4 52. Ke5 Kb5 53. Kd4 Rd2+ 54. Rd3 Rxd3+ 55. Kxd3 Kc5 1/2-1/2

[Event "NRW Class1 1819"]
[Site "Germany"]
[Date "2019.02.17"]
[Round "6.5"]
[White "Schleining, Zoya"]
[Black "Voge, Andreas"]
[Result "0-1"]
[WhiteElo "2327"]
[BlackElo "2023"]
[PlyCount "72"]
[EventDate "2018.09.16"]
[EventType "team-tourn"]
[EventRounds "9"]
[EventCountry "GER"]
[SourceTitle "EXT 2022"]
[Source "ChessBase"]
[SourceDate "2021.10.06"]
[SourceVersion "1"]
[SourceVersionDate "2021.10.06"]
[SourceQuality "1"]
[WhiteTeam "Letmathe"]
[BlackTeam "Oberhausen SV"]
[WhiteTeamCountry "GER"]
[BlackTeamCountry "GER"]

1. d4 d5 2. c4 e6 3. Nf3 Nf6 4. Nc3 c5 5. cxd5 exd5 6. Bg5 Be6 7. g3 Nc6 8. Bg2 Be7 9. 0-0 h6 10. Bxf6 Bxf6 11. dxc5 Bxc3 12. bxc3 Qa5 13. Rb1 Qxc3 14. Rxb7 0-0 15. Qc1 Qa5 16. Qc2 Rac8 17. Rfb1 d4 18. a4 Rfe8 19. R7b5 Qd8 20. Rd1 Qf6 21. Rd2 g5 22. Qb2 Bc4 23. Rb7 Ba6 24. Rb5 Bxb5 25. axb5 Ne5 26. c6 d3 27. Nxe5 Qxe5 28. exd3 Rb8 29. Qxe5 Rxe5 30. Rb2 Rexb5 31. Ra2 Rb1+ 32. Bf1 Rc1 33. Kg2 Rxc6 34. Rxa7 Rb2 35. d4 Rcc2 36. Kh3 Rxf2 0-1

[Event "NRW Class1 1819"]
[Site "Germany"]
[Date "2019.01.13"]
[Round "5.7"]
[White "Dorner, Matthias"]
[Black "Voge, Andreas"]
[Result "1/2-1/2"]
[WhiteElo "2133"]
[BlackElo "2023"]
[PlyCount "56"]
[EventDate "2018.09.16"]
[EventType "team-tourn"]
[EventRounds "9"]
[EventCountry "GER"]
[SourceTitle "EXT 2022"]
[Source "ChessBase"]
[SourceDate "2021.10.06"]
[SourceVersion "1"]
[SourceVersionDate "2021.10.06"]
[SourceQuality "1"]
[WhiteTeam "Krefelder Turm"]
[BlackTeam "Oberhausen SV"]
[WhiteTeamCountry "GER"]
[BlackTeamCountry "GER"]

1. d4 c5 2. c3 Nf6 3. Nf3 e6 4. Bf4 Nc6 5. e3 b6 6. Nbd2 Bb7 7. Be2 Be7 8. h3 0-0 9. 0-0 d5 10. Ne5 Nxe5 11. Bxe5 Rc8 12. Re1 Bd6 13. Bxd6 Qxd6 14. Nf3 Nd7 15. Bb5 Bc6 16. Bxc6 Rxc6 17. e4 dxe4 18. Rxe4 Nf6 19. Re2 Rcc8 20. Qa4 Qd7 21. Qxd7 Nxd7 22. Rd1 Nf6 23. dxc5 Rxc5 24. Rd6 h6 25. Kf1 Rfc8 26. Red2 Kf8 27. Rd8+ Ke7 28. Rxc8 Rxc8 1/2-1/2

[Event "Oberliga NRW 1718"]
[Site "Germany"]
[Date "2018.04.08"]
[Round "8.7"]
[White "Selten, Jan"]
[Black "Voge, Andreas"]
[Result "1/2-1/2"]
[WhiteElo "2078"]
[BlackElo "2052"]
[PlyCount "43"]
[EventDate "2017.09.17"]
[EventType "team-tourn"]
[EventRounds "9"]
[EventCountry "GER"]
[SourceTitle "EXT 2019"]
[Source "ChessBase"]
[SourceDate "2018.10.10"]
[SourceVersion "1"]
[SourceVersionDate "2018.10.10"]
[SourceQuality "1"]
[WhiteTeam "Gerresheim"]
[BlackTeam "Oberhausen"]
[WhiteTeamCountry "GER"]
[BlackTeamCountry "GER"]

1. e4 c5 2. Nf3 d6 3. Bb5+ Nd7 4. 0-0 Ngf6 5. Re1 a6 6. Bxd7+ Bxd7 7. c3 Bc6 8. e5 dxe5 9. Nxe5 Qc7 10. d4 e6 11. Bf4 Qb6 12. Nd2 cxd4 13. Ndc4 Qb5 14. cxd4 Be7 15. a4 Qd5 16. Ne3 Qd8 17. Nxc6 bxc6 18. Rc1 Rc8 19. Qd3 0-0 20. Red1 a5 21. Qa6 Nd5 22. Nxd5 1/2-1/2

[Event "Oberliga NRW 1718"]
[Site "Germany"]
[Date "2017.12.17"]
[Round "4.8"]
[White "Voge, Andreas"]
[Black "Kaeding, Rainer"]
[Result "0-1"]
[WhiteElo "2052"]
[BlackElo "2129"]
[PlyCount "66"]
[EventDate "2017.09.17"]
[EventType "team-tourn"]
[EventRounds "9"]
[EventCountry "GER"]
[SourceTitle "EXT 2019"]
[Source "ChessBase"]
[SourceDate "2018.10.10"]
[SourceVersion "1"]
[SourceVersionDate "2018.10.10"]
[SourceQuality "1"]
[WhiteTeam "Oberhausen"]
[BlackTeam "Essen Katernberg"]
[WhiteTeamCountry "GER"]
[BlackTeamCountry "GER"]

1. e4 c5 2. Nf3 e6 3. d4 cxd4 4. Nxd4 Nc6 5. Nc3 Qc7 6. f4 a6 7. Be3 b5 8. Nxc6 Qxc6 9. Bd3 Bb7 10. Qe2 b4 11. Nd1 Nf6 12. Nf2 d5 13. e5 Nd7 14. Qg4 g6 15. 0-0 Bc5 16. Bd2 Qb6 17. Qg3 h5 18. Kh1 h4 19. Qh3 Bxf2 20. Rxf2 a5 21. Rff1 d4 22. a3 Nc5 23. axb4 axb4 24. Rxa8+ Bxa8 25. Ra1 Bb7 26. Be1 b3 27. Bf2 bxc2 28. Bxd4 Qb4 29. Bxc5 Qxb2 30. Bb5+ Qxb5 31. Qc3 Qe2 32. Bf2 0-0 33. Qe1 Qg4 0-1

[Event "Oberliga NRW 1718"]
[Site "Germany"]
[Date "2017.11.19"]
[Round "3.7"]
[White "Kaehmann, Joerg"]
[Black "Voge, Andreas"]
[Result "1-0"]
[WhiteElo "2135"]
[BlackElo "2052"]
[PlyCount "67"]
[EventDate "2017.09.17"]
[EventType "team-tourn"]
[EventRounds "9"]
[EventCountry "GER"]
[SourceTitle "EXT 2019"]
[Source "ChessBase"]
[SourceDate "2018.10.10"]
[SourceVersion "1"]
[SourceVersionDate "2018.10.10"]
[SourceQuality "1"]
[WhiteTeam "Wattenscheid"]
[BlackTeam "Oberhausen"]
[WhiteTeamCountry "GER"]
[BlackTeamCountry "GER"]

1. e4 c5 2. Nf3 e6 3. d4 cxd4 4. Nxd4 a6 5. Bd3 Qc7 6. 0-0 Nf6 7. Kh1 Nc6 8. Nxc6 bxc6 9. c4 Be7 10. Nc3 0-0 11. f4 d6 12. c5 e5 13. cxd6 Bxd6 14. f5 Bb7 15. Qe2 Rfd8 16. Bg5 Be7 17. Rac1 c5 18. Bc4 Rd4 19. Bxf6 Bxf6 20. Bd5 Rb8 21. b3 Rc8 22. Rc2 Be7 23. Qg4 Bf6 24. Qf3 Bxd5 25. Nxd5 Qd6 26. Qe2 Bg5 27. f6 Rxd5 28. exd5 Bxf6 29. b4 h6 30. Qc4 Be7 31. bxc5 Rxc5 32. Qxc5 Qxc5 33. Rxc5 Bxc5 34. Rc1 1-0

[Event "Oberliga NRW 1617"]
[Site "Germany"]
[Date "2016.12.11"]
[Round "4.8"]
[White "Voge, Andreas"]
[Black "Tochtenhagen, Wolfgang"]
[Result "1/2-1/2"]
[WhiteElo "2164"]
[BlackElo "2098"]
[PlyCount "78"]
[EventDate "2016.09.25"]
[EventType "team-tourn"]
[EventRounds "9"]
[EventCountry "GER"]
[SourceTitle "EXT 2020"]
[Source "ChessBase"]
[SourceDate "2019.10.17"]
[SourceVersion "1"]
[SourceVersionDate "2019.10.17"]
[SourceQuality "1"]
[WhiteTeam "Oberhausen"]
[BlackTeam "Aachen Aufwaerts II"]
[WhiteTeamCountry "GER"]
[BlackTeamCountry "GER"]

1. e4 c5 2. Nf3 Nc6 3. d4 cxd4 4. Nxd4 g6 5. c4 Nf6 6. Nc3 Nxd4 7. Qxd4 d6 8. Bg5 Bg7 9. Be2 0-0 10. Qd2 Bd7 11. 0-0 Bc6 12. f3 a5 13. Rab1 a4 14. b4 axb3 15. axb3 Qb6+ 16. Kh1 Qb4 17. Qc2 Rfc8 18. Bd2 Qa3 19. b4 Ba4 20. Qd3 Bd7 21. f4 Be6 22. e5 Bxc4 23. Qf3 Bxe2 24. Qxe2 Rxc3 25. Bxc3 Qxc3 26. exf6 Bxf6 27. Qe4 Qc6 28. Qe2 Rc8 29. b5 Qc4 30. Qxc4 Rxc4 31. Rfc1 Rxc1+ 32. Rxc1 b6 33. Rc7 Kf8 34. g4 h6 35. Kg2 Bd4 36. Kf3 f5 37. gxf5 gxf5 38. Kg3 Kf7 39. h3 Kf6 1/2-1/2

[Event "Oberliga NRW 1516"]
[Site "Germany"]
[Date "2016.01.10"]
[Round "5.8"]
[White "Voge, Andreas"]
[Black "Rott, Georg"]
[Result "1-0"]
[WhiteElo "2079"]
[BlackElo "2177"]
[PlyCount "111"]
[EventDate "2015.09.27"]
[EventType "team-tourn"]
[EventRounds "9"]
[EventCountry "GER"]
[SourceTitle "EXT 2017"]
[Source "ChessBase"]
[SourceDate "2016.10.25"]
[SourceVersion "1"]
[SourceVersionDate "2016.10.25"]
[SourceQuality "1"]
[WhiteTeam "Oberhausen"]
[BlackTeam "Muenster"]
[WhiteTeamCountry "GER"]
[BlackTeamCountry "GER"]

1. e4 e6 2. d4 d5 3. Nc3 Bb4 4. e5 c5 5. Bd2 Ne7 6. Nb5 Bxd2+ 7. Qxd2 0-0 8. c3 Nbc6 9. Bd3 b6 10. Nf3 f6 11. exf6 Rxf6 12. 0-0 Ng6 13. Bxg6 Rxg6 14. Rfe1 a6 15. Na3 Ra7 16. Nc2 Rf7 17. Ne5 Nxe5 18. Rxe5 Qh4 19. g3 Qg4 20. Qe2 Qxe2 21. Rxe2 Bd7 22. Rae1 Rf4 23. Rd2 h5 24. Ne3 Rf8 25. Ng2 Rgf6 26. Re5 g6 27. h4 Kf7 28. Nf4 c4 29. Rde2 Bc8 30. Nh3 Rd8 31. Ng5+ Ke7 32. f4 Rd6 33. Nf3 Bd7 34. Kg2 Ba4 35. Rd2 Be8 36. Re1 b5 37. Ne5 Rb6 38. b3 cxb3 39. axb3 a5 40. Ra1 a4 41. Rb2 Ra6 42. bxa4 Rxa4 43. Rxa4 bxa4 44. Rb7+ Kd6 45. Ra7 Rf8 46. Kf2 Bb5 47. Rb7 Be8 48. Ke3 Rf5 49. Kd2 Rf8 50. Kc2 g5 51. hxg5 h4 52. gxh4 Rxf4 53. h5 Rf2+ 54. Kb1 Rg2 55. g6 Rg5 56. g7 1-0

[Event "NRW Class1 1415"]
[Site "Germany"]
[Date "2015.03.01"]
[Round "7.7"]
[White "Oswald, Hans Joachim"]
[Black "Voge, Andreas"]
[Result "1-0"]
[WhiteElo "2170"]
[BlackElo "2076"]
[PlyCount "67"]
[EventDate "2014.09.14"]
[EventType "team-tourn"]
[EventRounds "9"]
[EventCountry "GER"]
[SourceTitle "EXT 2017"]
[Source "ChessBase"]
[SourceDate "2016.10.25"]
[SourceVersion "1"]
[SourceVersionDate "2016.10.25"]
[SourceQuality "1"]
[WhiteTeam "Letmathe"]
[BlackTeam "Oberhausen"]
[WhiteTeamCountry "GER"]
[BlackTeamCountry "GER"]

1. Nf3 c5 2. c4 Nc6 3. g3 Nf6 4. Bg2 e6 5. 0-0 Be7 6. Nc3 0-0 7. d4 cxd4 8. Nxd4 a6 9. h3 Qc7 10. b3 d5 11. cxd5 Nxd4 12. Qxd4 exd5 13. Bf4 Qa5 14. Nxd5 Nxd5 15. Qxd5 Qxd5 16. Bxd5 Bxh3 17. Rfd1 Rac8 18. Bxb7 Rc2 19. Bxa6 Ra8 20. Bc4 Rcxa2 21. Rxa2 Rxa2 22. Be5 Bf6 23. Bxf6 gxf6 24. Rd6 Kg7 25. f3 Rb2 26. Kf2 Be6 27. Ke3 Kg6 28. g4 Kg5 29. Rd8 f5 30. Rg8+ Kf6 31. g5+ Ke5 32. f4+ Kd6 33. Rg7 Kc5 34. Rxh7 1-0

[Event "NRW Class1 1415"]
[Site "Germany"]
[Date "2014.12.14"]
[Round "4.8"]
[White "Linker, Walter"]
[Black "Voge, Andreas"]
[Result "1-0"]
[WhiteElo "2034"]
[BlackElo "2076"]
[PlyCount "91"]
[EventDate "2014.09.14"]
[EventType "team-tourn"]
[EventRounds "9"]
[EventCountry "GER"]
[SourceTitle "EXT 2017"]
[Source "ChessBase"]
[SourceDate "2016.10.25"]
[SourceVersion "1"]
[SourceVersionDate "2016.10.25"]
[SourceQuality "1"]
[WhiteTeam "Dortmund Hansa II"]
[BlackTeam "Oberhausen"]
[WhiteTeamCountry "GER"]
[BlackTeamCountry "GER"]

1. f4 g6 2. Nf3 Bg7 3. e4 d5 4. e5 Bg4 5. d4 e6 6. c3 Ne7 7. Bd3 Nf5 8. 0-0 Nd7 9. Na3 a6 10. b4 b5 11. Nc2 Nb6 12. Ne3 h5 13. Qe1 Bxf3 14. Rxf3 Nh6 15. Qf1 Nc4 16. a4 c6 17. Rf2 Nb6 18. Bc2 Nf5 19. Bd1 0-0 20. Qd3 Nxe3 21. Bxe3 Qc7 22. Rfa2 bxa4 23. Bxa4 a5 24. bxa5 Rxa5 25. Bb3 Rxa2 26. Rxa2 Rb8 27. h3 Bf8 28. g4 hxg4 29. hxg4 c5 30. Bc2 cxd4 31. cxd4 Qc4 32. Rb2 Rc8 33. f5 Qxd3 34. Bxd3 Rc3 35. Rxb6 Rxd3 36. Kf2 gxf5 37. gxf5 exf5 38. Rf6 Be7 39. Rxf5 Kg7 40. Rf3 Ra3 41. Rg3+ Kf8 42. Kf3 Ra1 43. Rg2 Rf1+ 44. Kg4 Bb4 45. Rb2 Re1 46. Bh6+ 1-0

[Event "NRW Class1 1415"]
[Site "Germany"]
[Date "2014.10.05"]
[Round "2.5"]
[White "Voge, Andreas"]
[Black "Grobbel, Rainer"]
[Result "1-0"]
[WhiteElo "2076"]
[BlackElo "2120"]
[PlyCount "115"]
[EventDate "2014.09.14"]
[EventType "team-tourn"]
[EventRounds "9"]
[EventCountry "GER"]
[SourceTitle "EXT 2017"]
[Source "ChessBase"]
[SourceDate "2016.10.25"]
[SourceVersion "1"]
[SourceVersionDate "2016.10.25"]
[SourceQuality "1"]
[WhiteTeam "Oberhausen"]
[BlackTeam "Lippstadt Turm"]
[WhiteTeamCountry "GER"]
[BlackTeamCountry "GER"]

1. e4 c5 2. Nf3 Nc6 3. d4 cxd4 4. Nxd4 g6 5. c4 Nf6 6. Nc3 d6 7. Be2 Bg7 8. Be3 0-0 9. 0-0 Nxd4 10. Bxd4 Be6 11. Qd2 Qa5 12. Rfd1 Rfc8 13. b3 Nd7 14. Bxg7 Kxg7 15. f4 f6 16. Bf3 Rab8 17. Kh1 a6 18. Rac1 b5 19. f5 Bf7 20. fxg6 hxg6 21. Bg4 Qd8 22. Bxd7 Qxd7 23. cxb5 axb5 24. Nd5 Qa7 25. h3 Ra8 26. Ra1 Rc6 27. a4 Ra6 28. Nb4 Bxb3 29. Nxa6 Bxd1 30. axb5 Bb3 31. Rc1 Qb6 32. Qc3 Ra7 33. Nc7 Bf7 34. Qc6 Qxc6 35. Rxc6 Rb7 36. b6 Ba2 37. Kg1 Bb1 38. Ne6+ Kh7 39. Nd8 Rb8 40. b7 Bxe4 41. Rc8 Rxb7 42. Nxb7 Bxb7 43. Rc7 Bd5 44. Rxe7+ Kh6 45. Rd7 Kg5 46. Rxd6 Bb3 47. Kh2 f5 48. Kg3 Bc2 49. h4+ Kh5 50. Rd8 Kh6 51. Kf4 Bb1 52. g3 Bc2 53. Rh8+ Kg7 54. Rc8 Bd1 55. Kg5 Bh5 56. Rc7+ Kg8 57. Kf6 Kh8 58. Rg7 1-0

[Event "NRW Class2 1213"]
[Site "Germany"]
[Date "2013.03.10"]
[Round "7.8"]
[White "Baciu, Diana"]
[Black "Voge, Andreas"]
[Result "1-0"]
[WhiteElo "2244"]
[BlackElo "2056"]
[PlyCount "37"]
[EventDate "2012.09.16"]
[EventType "team-tourn"]
[EventRounds "9"]
[EventCountry "GER"]
[SourceTitle "EXT 2017"]
[Source "ChessBase"]
[SourceDate "2016.10.25"]
[SourceVersion "1"]
[SourceVersionDate "2016.10.25"]
[SourceQuality "1"]
[WhiteTeam "Solingen III"]
[BlackTeam "Oberhausen"]
[WhiteTeamCountry "GER"]
[BlackTeamCountry "GER"]

1. e4 c5 2. Nf3 Nf6 3. e5 Nd5 4. c3 g6 5. Qb3 e6 6. d4 cxd4 7. cxd4 Nc6 8. Nc3 Bb4 9. Bd2 0-0 10. Be2 d6 11. 0-0 dxe5 12. dxe5 Qa5 13. Bh6 Re8 14. Ne4 Bd7 15. Bc4 Nce7 16. a3 Bc5 17. Qd3 Qc7 18. Bxd5 Nxd5 19. Rfc1 1-0

[Event "NRW Class1 1112"]
[Site "Germany"]
[Date "2012.02.05"]
[Round "6.5"]
[White "Noetzel, Frank"]
[Black "Voge, Andreas"]
[Result "1-0"]
[WhiteElo "2157"]
[BlackElo "2049"]
[PlyCount "47"]
[EventDate "2011.09.18"]
[EventType "team-tourn"]
[EventRounds "9"]
[EventCountry "GER"]
[SourceTitle "EXT 2015"]
[Source "ChessBase"]
[SourceDate "2014.11.20"]
[SourceVersion "1"]
[SourceVersionDate "2014.11.20"]
[SourceQuality "1"]
[WhiteTeam "Elberfeld"]
[BlackTeam "Oberhausen"]
[WhiteTeamCountry "GER"]
[BlackTeamCountry "GER"]

1. e4 c5 2. Nc3 Nc6 3. Bb5 e6 4. Bxc6 bxc6 5. d3 d5 6. Qe2 Nf6 7. f4 d4 8. Nd1 Ba6 9. b3 Be7 10. Nf3 0-0 11. 0-0 Qb6 12. Kh1 Rfe8 13. Bd2 Qc7 14. Nf2 Bb7 15. g4 Nd7 16. a4 c4 17. bxc4 c5 18. f5 exf5 19. gxf5 Bd6 20. Rg1 f6 21. Rg2 Re7 22. Rag1 Kh8 23. Nh4 Nf8 24. Bh6 1-0

[Event "NRW Class1 1112"]
[Site "Germany"]
[Date "2011.12.04"]
[Round "4.3"]
[White "Konijn, Bart"]
[Black "Voge, Andreas"]
[Result "1-0"]
[WhiteElo "2161"]
[BlackElo "2049"]
[PlyCount "39"]
[EventDate "2011.09.18"]
[EventType "team-tourn"]
[EventRounds "9"]
[EventCountry "GER"]
[SourceTitle "EXT 2015"]
[Source "ChessBase"]
[SourceDate "2014.11.20"]
[SourceVersion "1"]
[SourceVersionDate "2014.11.20"]
[SourceQuality "1"]
[WhiteTeam "Rheine Klein Berlin"]
[BlackTeam "Oberhausen"]
[WhiteTeamCountry "GER"]
[BlackTeamCountry "GER"]

1. e4 c5 2. Nf3 e6 3. d4 cxd4 4. Nxd4 a6 5. Nc3 Qc7 6. Be2 Nc6 7. 0-0 Nf6 8. Be3 d6 9. f4 Be7 10. Qe1 0-0 11. Qg3 Nd7 12. Bd3 Bf6 13. Nce2 Nxd4 14. Nxd4 Nc5 15. Nf3 Nxd3 16. cxd3 Bd7 17. e5 Be7 18. Bd4 dxe5 19. Bxe5 Qb6+ 20. Bd4 1-0

[Event "Ruhrgebiet Regionalliga 1011"]
[Site "Nordrheinwestfalen"]
[Date "2011.04.03"]
[Round "8.7"]
[White "Voge, Andreas"]
[Black "Buschmann, Andreas"]
[Result "1/2-1/2"]
[WhiteElo "2060"]
[BlackElo "1976"]
[PlyCount "57"]
[EventDate "2010.09.19"]
[EventType "team-tourn"]
[EventRounds "9"]
[EventCountry "GER"]
[SourceTitle "EXT 2020"]
[Source "ChessBase"]
[SourceDate "2019.10.17"]
[SourceVersion "1"]
[SourceVersionDate "2019.10.17"]
[SourceQuality "1"]
[WhiteTeam "Oberhausen SV"]
[BlackTeam "Horst Emscher"]
[WhiteTeamCountry "GER"]
[BlackTeamCountry "GER"]

1. e4 c5 2. Nf3 Nc6 3. d4 cxd4 4. Nxd4 d5 5. Bb5 dxe4 6. Nxc6 Qxd1+ 7. Kxd1 a6 8. Nd4+ axb5 9. Nxb5 Bg4+ 10. Ke1 0-0-0 11. N1c3 e5 12. h3 Bd7 13. Be3 Bb4 14. a3 Bxc3+ 15. Nxc3 Bc6 16. b4 f5 17. b5 Bd5 18. Bb6 Rd7 19. Nxd5 Rxd5 20. a4 Nf6 21. Ke2 Kb8 22. c4 Rd3 23. Rhd1 Nd7 24. a5 Nxb6 25. axb6 Rhd8 26. Rdc1 Rd2+ 27. Kf1 Rb2 28. Rab1 Ra2 29. Ra1 1/2-1/2

[Event "Ruhrgebiet Regionalliga 1011"]
[Site "Nordrheinwestfalen"]
[Date "2010.12.12"]
[Round "4.7"]
[White "Voge, Andreas"]
[Black "Dukic, Dalibor"]
[Result "1-0"]
[WhiteElo "2060"]
[BlackElo "1941"]
[PlyCount "44"]
[EventDate "2010.09.19"]
[EventType "team-tourn"]
[EventRounds "9"]
[EventCountry "GER"]
[SourceTitle "EXT 2020"]
[Source "ChessBase"]
[SourceDate "2019.10.17"]
[SourceVersion "1"]
[SourceVersionDate "2019.10.17"]
[SourceQuality "1"]
[WhiteTeam "Oberhausen SV"]
[BlackTeam "Hamm SVg"]
[WhiteTeamCountry "GER"]
[BlackTeamCountry "GER"]

1. e4 d6 2. d4 Nf6 3. Nc3 Nbd7 4. f4 e5 5. Nf3 exd4 6. Qxd4 Be7 7. e5 c5 8. Qa4 Ng4 9. Bd3 0-0 10. Qe4 f5 11. Qd5+ Kh8 12. exd6 Bf6 13. 0-0 c4 14. Qxc4 Qb6+ 15. Kh1 Nf2+ 16. Rxf2 Qxf2 17. Bd2 Qb6 18. Nd5 Qxd6 19. Bb4 Qe6 20. Re1 Qf7 21. Bxf8 Nxf8 22. Nc7 Be6 1-0

[Event "Ruhrgebiet Regionalliga 1011"]
[Site "Nordrheinwestfalen"]
[Date "2010.11.21"]
[Round "3.7"]
[White "Voge, Andreas"]
[Black "Schmidt, Ingo"]
[Result "0-1"]
[WhiteElo "2060"]
[BlackElo "2035"]
[PlyCount "144"]
[EventDate "2010.09.19"]
[EventType "team-tourn"]
[EventRounds "9"]
[EventCountry "GER"]
[SourceTitle "EXT 2020"]
[Source "ChessBase"]
[SourceDate "2019.10.17"]
[SourceVersion "1"]
[SourceVersionDate "2019.10.17"]
[SourceQuality "1"]
[WhiteTeam "Oberhausen SV"]
[BlackTeam "Koenigsspringer Hamm"]
[WhiteTeamCountry "GER"]
[BlackTeamCountry "GER"]

1. e4 e5 2. Nf3 Nc6 3. Bb5 a6 4. Ba4 Nf6 5. 0-0 Be7 6. Re1 b5 7. Bb3 0-0 8. c3 d6 9. h3 Na5 10. Bc2 c5 11. d4 Qc7 12. Nbd2 Rd8 13. Nf1 cxd4 14. cxd4 exd4 15. Nxd4 d5 16. e5 Ne4 17. Bf4 Bc5 18. Rc1 Qb6 19. Be3 Nc4 20. Nb3 Bxe3 21. Nxe3 Nxe5 22. Qh5 Qf6 23. Qe2 Ng5 24. Ng4 Bxg4 25. Qxe5 Be6 26. Qxf6 gxf6 27. Nc5 a5 28. a3 h6 29. h4 Ne4 30. Bxe4 dxe4 31. Rxe4 f5 32. Re5 Rd6 33. Rce1 Re8 34. Rxf5 b4 35. Nxe6 bxa3 36. bxa3 Ra6 37. Ree5 Rexe6 38. Rxa5 Rxa5 39. Rxa5 Re1+ 40. Kh2 Kg7 41. a4 Ra1 42. Kg3 Kf6 43. f3 Ra2 44. Ra8 Kg7 45. a5 Ra4 46. a6 Ra2 47. Kh3 Ra3 48. Kg4 Ra2 49. g3 Ra4+ 50. f4 Ra3 51. a7 Ra5 52. f5 Kf6 53. Kh5 Kg7 54. g4 Kh7 55. g5 Kg7 56. Kg4 Ra1 57. g6 h5+ 58. Kf3 f6 59. Rc8 Rxa7 60. Ke4 Re7+ 61. Kd5 Re5+ 62. Kd6 Rxf5 63. Rc6 Kxg6 64. Rc4 Rf1 65. Ke6 Re1+ 66. Kd5 Kf5 67. Ra4 Re5+ 68. Kd6 Re4 69. Ra1 Rd4+ 70. Ke7 Re4+ 71. Kf7 Rxh4 72. Rf1+ Kg5 0-1

[Event "Ruhrgebiet Regionalliga 1011"]
[Site "Nordrheinwestfalen"]
[Date "2010.09.19"]
[Round "1.7"]
[White "Voge, Andreas"]
[Black "Gross, Thomas"]
[Result "1-0"]
[WhiteElo "2060"]
[BlackElo "1916"]
[PlyCount "107"]
[EventDate "2010.09.19"]
[EventType "team-tourn"]
[EventRounds "9"]
[EventCountry "GER"]
[SourceTitle "EXT 2020"]
[Source "ChessBase"]
[SourceDate "2019.10.17"]
[SourceVersion "1"]
[SourceVersionDate "2019.10.17"]
[SourceQuality "1"]
[WhiteTeam "Oberhausen SV"]
[BlackTeam "Oberhausen SV II"]
[WhiteTeamCountry "GER"]
[BlackTeamCountry "GER"]

1. e4 e6 2. Nf3 d5 3. Nc3 Nf6 4. exd5 exd5 5. d4 Nc6 6. Bg5 Be7 7. Ne5 0-0 8. Be2 Re8 9. 0-0 Be6 10. Bf3 Nb8 11. Ne2 c6 12. Ng3 Nbd7 13. Nd3 h6 14. Be3 Nf8 15. Nf4 Bd7 16. h3 Bd6 17. Qd2 Qc7 18. Rfe1 Ne6 19. Nfh5 Nxh5 20. Nxh5 Bf8 21. Re2 Qd8 22. Bg4 Ng5 23. Bxd7 Qxd7 24. Bxg5 Rxe2 25. Qxe2 hxg5 26. Re1 Bd6 27. Qe3 Qf5 28. Re2 Kf8 29. Qe8+ Rxe8 30. Rxe8+ Kxe8 31. Nxg7+ Kd7 32. Nxf5 Bf4 33. Kf1 Bc1 34. b3 Ke6 35. g4 Bf4 36. Ke2 Kf6 37. c4 Bc7 38. Kd3 Ke6 39. Ne3 Bf4 40. Ng2 Bc7 41. Ke3 Kf6 42. cxd5 cxd5 43. f4 Bb6 44. Kd3 Bd8 45. Ne3 Ke6 46. fxg5 Bxg5 47. Nf5 Bf6 48. h4 Bh8 49. Ke3 a5 50. Kf4 Kf6 51. a4 Kg6 52. h5+ Kh7 53. g5 b6 54. Ke3 1-0

[Event "Ruhrgebiet VL1 0910"]
[Site "Germany"]
[Date "2010.02.21"]
[Round "7.4"]
[White "Voge, Andreas"]
[Black "Jaust, Marc"]
[Result "1/2-1/2"]
[WhiteElo "2192"]
[BlackElo "1818"]
[PlyCount "52"]
[EventDate "2009.09.06"]
[EventType "team-tourn"]
[EventRounds "9"]
[EventCountry "GER"]
[SourceTitle "EXT 2011"]
[Source "ChessBase"]
[SourceDate "2010.11.26"]
[SourceVersion "1"]
[SourceVersionDate "2010.11.26"]
[SourceQuality "1"]
[WhiteTeam "Oberhausen"]
[BlackTeam "Laeufer Ost"]
[WhiteTeamCountry "GER"]
[BlackTeamCountry "GER"]

1. e4 c6 2. d4 d5 3. exd5 cxd5 4. c4 e6 5. Nc3 Bb4 6. a3 Bxc3+ 7. bxc3 dxc4 8. Bxc4 Ne7 9. Nf3 Qa5 10. Bd2 Nbc6 11. 0-0 0-0 12. Bd3 Qh5 13. Re1 b6 14. Qe2 Bb7 15. Rad1 Ng6 16. c4 Rad8 17. Be4 Na5 18. Bxb7 Nxb7 19. Bb4 Rfe8 20. Qe4 Rd7 21. d5 e5 22. Nd4 a5 23. g4 Qg5 24. Bd2 Qe7 25. Nf5 Qxa3 26. Re3 Qa4 1/2-1/2

[Event "Ruhrgebiet VL1 0910"]
[Site "Germany"]
[Date "2010.01.10"]
[Round "5.4"]
[White "Voge, Andreas"]
[Black "Huettemann, Karl Heinz"]
[Result "0-1"]
[WhiteElo "2192"]
[BlackElo "2249"]
[PlyCount "34"]
[EventDate "2009.09.06"]
[EventType "team-tourn"]
[EventRounds "9"]
[EventCountry "GER"]
[SourceTitle "EXT 2011"]
[Source "ChessBase"]
[SourceDate "2010.11.26"]
[SourceVersion "1"]
[SourceVersionDate "2010.11.26"]
[SourceQuality "1"]
[WhiteTeam "Oberhausen"]
[BlackTeam "Dortmund"]
[WhiteTeamCountry "GER"]
[BlackTeamCountry "GER"]

1. e4 c5 2. Nf3 Nf6 3. e5 Nd5 4. Nc3 e6 5. Nxd5 exd5 6. d4 Nc6 7. dxc5 Bxc5 8. Qxd5 Qb6 9. Bc4 Bxf2+ 10. Ke2 0-0 11. Rf1 Bc5 12. Ng5 Nxe5 13. Qxe5 d5 14. Bxd5 Bg4+ 15. Kd3 Rfe8 16. Bxf7+ Kh8 17. Bxe8 Rd8+ 0-1